La escuela : (Record no. 93142)

MARC details
000 -CABECERA
campo de control de longitud fija 00671nam a2200205 a 4500
005 - FECHA Y HORA DE LA ÚLTIMA TRANSACCIÓN
campo de control 20240925065502.0
008 - ELEMENTOS DE LONGITUD FIJA--INFORMACIÓN GENERAL
campo de control de longitud fija 021107s1996 es r 000 0 spa d
020 ## - NÚMERO INTERNACIONAL NORMALIZADO PARA LIBROS
Número Internacional Estándar del Libro 8480632208
035 ## - NÚMERO DE CONTROL DEL SISTEMA
Número de control de sistema UPN01000120808
049 ## - COLECCIÓN
Colección CG
050 #4 - SIGNATURA TOPOGRÁFICA DE LA BIBLIOTECA DEL CONGRESO
Número de clasificación LC191
Número de documento/Ítem C3.4
100 1# - ASIENTO PRINCIPAL--NOMBRE PERSONAL
Nombre de persona Carbonell i Sebarroja, Jaume
9 (RLIN) 31462
245 13 - MENCIÓN DE TÍTULO
Título La escuela :
Resto del título entre la utopía y la realidad : diez temas de sociología de la educación /
Mención de responsabilidad, etc. Jaume Carbonell i Sebarroja.
260 ## - PUBLICACIÓN, DISTRIBUCIÓN, ETC.
Lugar de publicación, distribución, etc. Barcelona, Esp. :
Nombre del editor, distribuidor, etc. Eumo :
-- Octaedro,
Fecha de publicación, distribución, etc. 1996.
300 ## - DESCRIPCIÓN FÍSICA
Extensión 249 p.
440 #0 - MENCIÓN DE SERIE/ASIENTO SECUNDARIO--TÍTULO
Título Recursos ;
Designación de volumen o secuencia 15
650 #4 - ASIENTO SECUNDARIO DE MATERIA - TERMINO TEMATICO
Término de materia o nombre geográfico como elemento de entrada Sociología de la educación
9 (RLIN) 4896
650 #4 - ASIENTO SECUNDARIO DE MATERIA - TERMINO TEMATICO
Término de materia o nombre geográfico como elemento de entrada Educación
Subdivisión general Aspectos sociales
9 (RLIN) 5311
905 ## - TIPO DE MATERIAL
Tipo de material Libro
Holdings
Estado de retiro Estado de pérdida Fuente del sistema de clasificación o colocación Estado dañado No para préstamo Código de colección Localización permanente Ubicación/localización actual Ubicación en estantería Total de préstamos Clasificación Código de barras Fecha visto por última vez Número de copia Tipo de ítem Koha Fecha de adquisición Renovaciones totales Fecha del último préstamo
    Library of Congress Classification     Colección General Bib. Gregorio Torres Quintero Bib. Gregorio Torres Quintero Planta baja 15 LC191 C3.4 205551 31/12/2020 1 Libro      
    Library of Congress Classification     Colección General Bib. Gregorio Torres Quintero Bib. Gregorio Torres Quintero Planta baja 16 LC191 C3.4 199257 12/05/2023 1 Libro 10/02/2023 1 10/02/2023
    Library of Congress Classification     Colección General Bib. Gregorio Torres Quintero Bib. Gregorio Torres Quintero Planta baja 11 LC191 C3.4 205550 31/12/2020 1 Libro